LEADER 01231nam0 2200289 450 001 000021451 005 20140610202126.0 010 $a978-88-96004-09-8 100 $a20090113d2008----km-y0itay50------ba 101 0 $aita 102 $aIT 105 $ay-------001yy 200 1 $a<>fabbisogni formativi delle imprese italiane nell'ambito economico-aziendale$fRoberto Candiotto ... [et al.] 210 $aRoma$cRIREA$d2008 215 $a64 p.$d24 cm 300 $aAllegato al fasc. 11-12/2008 della Rivista italiana di Ragioneria e di Economia Aziendale 300 $aIn testa al front.: Gruppo di studio e attenzione dell'Accademia italiana di economia aziendale 461 1$1000001925$12001$aRivista italiana di Ragioneria e di Economia Aziendale$d2008$vn. 11-12 610 1 $aAziende$aPersonale$aFormazione professionale$aInvestimenti$aValutazione 610 1 $aLavoratori dell'industria$aFormazione professionale 676 $a658.31243$v21 702 1$aCandiotto,$bRoberto 801 0$aIT$bUNIPARTHENOPE$c20090113$gRICA$2UNIMARC 912 $a000021451 951 $a658-F/25$b45136$cNAVA1$d2009 996 $aFabbisogni formativi delle imprese italiane nell'ambito economico-aziendale$91212044 997 $aUNIPARTHENOPE LEADER 03828nam 22006615 450 001 9910741199603321 005 20260331110650.0 010 $a9781461474340 010 $a1461474345 024 7 $a10.1007/978-1-4614-7434-0 035 $a(OCoLC)859664033 035 $a(MiFhGG)GVRL6XJY 035 $a(CKB)3710000000019025 035 $a(MiAaPQ)EBC1466676 035 $a(MiFhGG)9781461474340 035 $a(DE-He213)978-1-4614-7434-0 035 $a(MiFhGG)9781461474333 035 $a(EXLCZ)993710000000019025 100 $a20130916d2013 u| 0 101 0 $aeng 135 $aurun|---uuuua 181 $ctxt 182 $cc 183 $acr 200 10$aComputational Challenges in the Geosciences /$fedited by Clint Dawson, Margot Gerritsen 205 $a1st ed. 2013. 210 1$aNew York, NY :$cSpringer New York :$cImprint: Springer,$d2013. 215 $a1 online resource (ix, 167 pages) $cillustrations (some color) 225 1 $aThe IMA Volumes in Mathematics and its Applications,$x2198-3224 ;$v156 300 $a"This volume is based on the workshop 'Societally Relevant Computing' held at the Institute for Mathematics and Its Applications (IMA) at the University of Minnesota, April 11-15, 2010"--P. v. 300 $a"ISSN: 0940-6573." 311 08$a9781461474333 311 08$a1461474337 320 $aIncludes bibliographical references. 327 $aPhysical and Computational Issues in the Numerical Modeling of Ocean Circulation, R.L. Higdon -- Modeling Hazardous, Free-Surface Geophysical Flows with Depth-Averaged Hyperbolic Systems and Adaptive Numerical Methods, D.L. George -- Real-Time Forecasting and Visualization of Hurricane Waves and Storm Surge using SWAN+ADCIRC and FigureGen, J.C. Dietrich, C.N. Dawson, J.M. Proft, M.T. Howard, G. Wells, J.G. Fleming, R.A. Luettich, Jr., J.J. Westerink, Z. Cobell, M. Vitse, H. Lander, B.O. Blanton, C.M. Szpilka, J.H. Atkinson -- Methane in Surbsurface: Mathematical  Modeling and Computational Challenges, M. Peszynska -- Fast Algorithms for Bayesian Inversion, S. Ambikasaran, A. K. Saibaba, E.F. Darve and P.K. Kitanidis -- Modeling Spatial and Structural Uncertainty in the Subsurface , M. Gerritsen and J. Caers. 330 $aComputational Challenges in the Geosciences addresses a cross-section of grand challenge problems arising in geoscience applications, including groundwater and petroleum reservoir simulation, hurricane storm surge, oceanography, volcanic eruptions and landslides, and tsunamis.  Each of these applications gives rise to complex physical and mathematical models spanning multiple space-time scales, which can only be studied through computer simulation.  The data required by the models is often highly uncertain, and the numerical solution of the models requires sophisticated algorithms which are mathematically accurate, computationally efficient and yet must preserve basic physical properties of the models.  This volume summarizes current methodologies and future research challenges in this broad and important field. . 410 0$aThe IMA Volumes in Mathematics and its Applications,$x2198-3224 ;$v156 606 $aMathematical physics 606 $aClimatology 606 $aGeophysics 606 $aMathematical Physics 606 $aClimate Sciences 606 $aGeophysics 615 0$aMathematical physics. 615 0$aClimatology. 615 0$aGeophysics. 615 14$aMathematical Physics. 615 24$aClimate Sciences. 615 24$aGeophysics. 676 $a550.113 702 $aDawson$b Clinton N. 702 $aGerritsen$b Margot$g(Margot G.), 801 0$bMiFhGG 801 1$bMiFhGG 906 $aBOOK 912 $a9910741199603321 996 $aComputational Challenges in the Geosciences$93554243 997 $aUNINA